000 00494nam a2200181Ia 4500
001 10258
005 20260306161819.0
008 260306t2007||||xx |||||||||||||| ||spa||
041 _aESP
082 _a910.2
_bM86
100 _aMoreno Jiménez, Antonio,
_eAUT
245 0 _aSistemas y análisis de la información geográfica :
_bmanual de autoaprendizaje con ArcGIS
260 _c2007
300 _a911 páginas :
_c24 cm.
650 _aGEN
654 _aCHU
942 _cLIB
_dJUS
_fJUS
_2ddc
_n
999 _c10258
_d10258